| 000 | 02312nam1a2200325 4500 | ||
|---|---|---|---|
| 001 | RU\NLR\BIBL_A\022586481 | ||
| 005 | 20260426071341.0 | ||
| 035 | _a(NLR Aleph) 022586481 | ||
| 090 |
_a13691549 _c13691549 |
||
| 100 | _a20260426 rusy50 | ||
| 101 | 0 | _arus | |
| 102 | _aRU | ||
| 105 | _a||||z|||||||| | ||
| 181 | 0 |
_ai3 _baxxe |
|
| 182 | 0 | _an | |
| 200 | 1 |
_aIII Международная научно-практическая конференция "Детерминанты развития экономики и общества в условиях глобальных изменений", 24-25 апреля 2025 года _eсборник статей _fФедеральное государственное бюджетное образовательное учреждение высшего образования "Московский государственный университет технологий и управления имени К. Г. Разумовского (Первый казачий университет)", Кафедра финансов, бухгалтерского учета и экономической безопасности [и др.] |
|
| 203 |
_aТекст _bвизуальный _cнепосредственный |
||
| 210 |
_aМосква _c[б. и.] _aКурск _cУниверситетская книга _d2025- |
||
| 215 | _d21 | ||
| 300 | _aЗагл. обл.: Детерминанты развития экономики и общества в условиях глобальных изменений | ||
| 512 | 1 | _aДетерминанты развития экономики и общества в условиях глобальных изменений | |
| 606 | 1 |
_aЭкономика _jСъезды, совещания и т.п _91414491 _3RU\NLR\AUTH\66284709 |
|
| 686 | 1 | _aУ.я431 | |
| 710 | 1 | 2 |
_a"Детерминанты развития экономики и общества в условиях глобальных изменений", международная научно-практическая конференция _d3 _eМосква _f2025 _92671361 _3RU\NLR\AUTH\880629439 |
| 852 |
_aNLR _j2025-3/15256 |
||
| 942 | _cBOOK | ||
| 980 | _aNB | ||